00372nam a2200145Ia 4500008004100000020001500041041001200056100001900068245005900087250000800146260003200154300000800186650001700194700001500211221030s9999 xx 000 0 und d a8185015902 aEnglish aT. G. Beckwith 0aMechanical Measurementscby T. G. Beckwith, N. L. Buck a3rd bNarosa PubaNew Delhic1995 a730 aBB Mechanics aN. L. Buck